[Event "Open"]
[Site "Malaga ESP"]
[Date "2002.02.27"]
[Round "6"]
[White "Matamoros Franco,C"]
[Black "Damaso,R"]
[Result "0-1"]
[WhiteElo "2456"]
[BlackElo "2412"]

1.c4 b6 2.Nf3 Bb7 3.g3 c5 4.Bg2 g6 5.d4 cxd4 6.Qxd4 Nf6 7.Nc3 Nc6 8.Qf4 Bg7
9.O-O Rc8 10.Rd1 Na5 11.b3 O-O 12.Bd2 Rc5 13.Rac1 Qa8 14.Qe3 Re8 15.Qd3 Rh5
16.b4 e5 17.bxa5 e4 18.Nxe4 Bxe4 19.Qa3 Bf8 20.Qb2 Ng4 21.h4 Bc5 22.Rf1 Rf5
23.Bb4 Bxf2+ 24.Rxf2 Qb8 25.Qd4 Qxg3 26.Bd6 Qxf2+ 27.Qxf2 Nxf2 28.axb6 Ng4
29.Nd4 axb6 30.Bxe4 Rxe4 31.Nxf5 gxf5 32.c5 bxc5 33.Rxc5 Ne3 34.Re5 Nc4 35.Rxe4 fxe4  0-1

[Event "Jersey Open"]
[Site "St Helier JCI"]
[Date "2002.03.01"]
[Round "6"]
[White "Ellison,D"]
[Black "Richards,H"]
[Result "0-1"]
[WhiteElo "2116"]
[BlackElo "2209"]

1.c4 b6 2.e4 Bb7 3.Nc3 e6 4.a3 g6 5.d4 Bg7 6.Nf3 Ne7 7.Bf4 d6 8.Qd2 h6 9.h4 Nd7
10.Bd3 e5 11.dxe5 dxe5 12.Be3 f5 13.g3 O-O 14.Bxh6 fxe4 15.Bxe4 Bxe4 16.Nxe4 Rxf3
17.Bxg7 Kxg7 18.O-O-O Nc5 19.Qxd8 Rxd8 20.Rxd8 Nxe4 21.Rd7 Rf7 22.h5 gxh5
23.Rxc7 Nxf2 24.Rxh5 Kg6 25.Rh2 Ne4 26.Re2 Nxg3 27.Rxe5 Rf1+ 28.Kc2 Nef5
29.Rxa7 Nd4+ 30.Kd2 Nf3+ 31.Kc3 Nxe5 32.Rb7 Rf6 33.Kd4 Nf3+ 34.Kd5 Rf5+ 35.Kc6 Rf6+
36.Kc7 Nd4 37.Rxb6 Ne6+ 38.Kb8 Nf5 39.b4 Ne3 40.c5 Nc4 41.Ra6 Kf5 42.c6 Rf8+
43.Kb7 Nd6+ 44.Kb6 Rb8+ 45.Ka7 Rb5 46.Ra5 Nc8+ 47.Ka6 Nc7+  0-1

[Event "FSGM March"]
[Site "Budapest HUN"]
[Date "2002.03.04"]
[Round "3"]
[White "Varga,Zo"]
[Black "Erdos,V"]
[Result "0-1"]
[WhiteElo "2510"]
[BlackElo "2383"]

1.c4 b6 2.Nf3 Bb7 3.g3 Bxf3 4.exf3 c5 5.Bg2 Nc6 6.f4 g6 7.O-O Bg7 8.Nc3 Nh6
9.g4 f5 10.g5 Nf7 11.h4 h6 12.d3 hxg5 13.hxg5 Rc8 14.Re1 Kf8 15.Re3 Bd4 16.Rg3 Rh4
17.Ne2 Bg7 18.Rh3 Rxh3 19.Bxh3 d5 20.Qb3 dxc4 21.dxc4 Nd4 22.Nxd4 Qxd4 23.Bg2 Rd8
24.Bd5 e6 25.Bxe6 Qd1+ 26.Qxd1 Rxd1+ 27.Kg2 Nd6 28.Bd5 Bd4 29.a4 a5 30.Kf3 Rf1
31.Ke2 Rxf2+ 32.Kd3 Rf1 33.Rb1 Ke7 34.b3 Rg1 35.Kc2 Ne4 36.Bxe4 fxe4 37.Bd2 Rg2  0-1

[Event "Ciocaltea Mem"]
[Site "Bucharest ROM"]
[Date "2002.03.05"]
[Round "2"]
[White "Sofronie,I"]
[Black "Manolache,M"]
[Result "1/2-1/2"]
[WhiteElo "2458"]
[BlackElo "2433"]

1.c4 b6 2.Nc3 Bb7 3.d4 e6 4.Nf3 f5 5.a3 Nf6 6.d5 Bd6 7.g3 Qe7 8.Bg2 O-O 9.O-O c6
10.Nd4 Be5 11.e3 Ne8 12.b3 Na6 13.Bb2 Rc8 14.Rc1 cxd5 15.Ndb5 Nc5 16.cxd5 Ba6
17.a4 Bxb5 18.axb5 Nd6 19.b4 Nce4 20.Nxe4 Bxb2 21.Rxc8 Nxc8 22.d6 Qd8 23.Qd2 fxe4
24.Qxb2 Nxd6 25.Qe5 Nc4 26.Qd4 d5 27.Bxe4 Qd6 28.Rc1 Rc8 29.Bd3 Qxb4 30.Qg4 Qe7
31.Bxc4 Rc5 32.h4 Qf6 33.Rc2 dxc4 34.Rxc4 h5 35.Qe4 Qf5 36.Qa8+ Kh7 37.e4 Qe5
38.Rxc5 Qxc5 39.Qc6 Qe5 40.Kg2 Kh6 41.f4 Qb2+ 42.Kh3 Qb1 43.Qxe6+ g6  1/2-1/2

[Event "2nd HCC"]
[Site "Helsinki FIN"]
[Date "2002.03.05"]
[Round "8"]
[White "Nyysti,S"]
[Black "Tella,J"]
[Result "1-0"]
[WhiteElo "2245"]
[BlackElo "2440"]

1.c4 b6 2.b3 e5 3.Bb2 Nc6 4.g3 Bb7 5.Bg2 Qc8 6.Nf3 Nd4 7.O-O Nxf3+ 8.exf3 d6
9.d4 exd4 10.Qxd4 Qf5 11.Nc3 O-O-O 12.Nd5 Qd7 13.a4 c6 14.Ne3 Ne7 15.a5 c5
16.Qc3 d5 17.cxd5 Nxd5 18.Nxd5 Qxd5 19.axb6 axb6 20.b4 f6 21.Rfc1 Qd2 22.Qa3 Bd6
23.bxc5 Bxc5 24.Bh3+ Kb8 25.Qa7+ Kc7 26.Rxc5+ bxc5 27.Qxc5+ Kb8 28.Qa7+ Kc7
29.Qc5+ Kb8 30.Bc3 Qd5 31.Qa7+ Kc7 32.Ba5+ Kd6 33.Bb4+  1-0

[Event "35th Ladies GM"]
[Site "Belgrade YUG"]
[Date "2002.03.16"]
[Round "2"]
[White "Chilingirova,P"]
[Black "Kalevic,S"]
[Result "0-1"]
[WhiteElo "2269"]
[BlackElo "2246"]

1.c4 b6 2.Nf3 Bb7 3.g3 Bxf3 4.exf3 c5 5.d4 cxd4 6.Qxd4 Nc6 7.Qd1 g6 8.Bg2 Bg7
9.O-O Rc8 10.Na3 Nf6 11.f4 O-O 12.Rb1 Nb4 13.Qb3 a5 14.Rd1 Qc7 15.Bd2 Na6
16.Bc3 Rfd8 17.Rbc1 Ne8 18.Bxg7 Nxg7 19.Nb5 Qb8 20.Nc3 Nc5 21.Qc2 e6 22.Qe2 Ne8
23.Nb5 Na6 24.Qe5 Nac7 25.Nd6 Nxd6 26.Qxd6 Ne8 27.Qxb8 Rxb8 28.Rd4 Rbc8 29.Rcd1 Rc7
30.Bf3 Kf8 31.R1d2 Ke7 32.Bd1 Nf6 33.Kg2 Rdc8 34.b3 h5 35.Bf3 Ne8 36.h3 d6
37.g4 hxg4 38.hxg4 Rd8 39.Rd1 Rdc8 40.Rh1 a4 41.g5 axb3 42.axb3 Rc5 43.Bb7 R8c7
44.Ba6 Ra7 45.b4 Rf5 46.Bb5 Nc7 47.Bc6 e5 48.Re4 Ne6 49.fxe5 Rxg5+ 50.Kf3 Ra3+
51.Ke2 Rxe5 52.Rxe5 dxe5 53.Kd2 Ra2+ 54.Kc3 Nd4 55.Bd5 Rxf2 56.Ra1 g5 57.Ra7+ Kf8
58.c5 bxc5 59.Ra8+ Kg7 60.bxc5 g4 61.Kd3 g3 62.c6 Nxc6 63.Bxc6 g2 64.Bxg2 Rxg2
65.Ke4 Rg5 66.Rb8 f6 67.Kd5 Kf7  0-1

[Event "Supercom Cup"]
[Site "Bucharest ROM"]
[Date "2002.03.28"]
[Round "11"]
[White "Badea,B"]
[Black "Musat,A"]
[Result "1-0"]
[WhiteElo "2477"]
[BlackElo "2414"]

1.c4 b6 2.Nc3 e6 3.e4 Bb7 4.Nf3 Bb4 5.Bd3 Bxc3 6.dxc3 d6 7.Qe2 e5 8.Nd2 Nd7
9.f3 Nc5 10.Bc2 Ne7 11.Nf1 O-O 12.Ne3 a5 13.Bd2 Bc8 14.O-O-O f5 15.exf5 Nxf5
16.Nf1 Bb7 17.Ng3 Nh4 18.Be3 Qf6 19.Kb1 Qf7 20.Bxc5 bxc5 21.Ne4 Qe7 22.Rhf1 Ng6
23.g3 Bc6 24.h4 Rfe8 25.Rde1 Bd7 26.Ng5 Qf6 27.Qe4 Rf8 28.g4 h6 29.Nh3 Nxh4
30.Qh7+ Kf7 31.f4 Ke7 32.Rf2 Qe6 33.fxe5 Qxg4 34.exd6+ Kxd6 35.Qd3+ Kc6 36.Ba4+ Kb6
37.Bxd7 Rfd8 38.Bxg4 Rxd3 39.Nf4  1-0

[Event "10th Hotel Opatija GM"]
[Site "Kastav CRO"]
[Date "2002.04.18"]
[Round "11"]
[White "Varga,Zo"]
[Black "Mukic,J"]
[Result "1-0"]
[WhiteElo "2510"]
[BlackElo "2379"]

1.c4 b6 2.Nc3 Bb7 3.e4 e5 4.Nf3 Nc6 5.a3 a5 6.d4 exd4 7.Nxd4 Bc5 8.Ndb5 Nge7
9.Bg5 f6 10.Bf4 d6 11.Be2 O-O 12.O-O g5 13.Bg3 f5 14.exf5 Nxf5 15.Bf3 Nxg3
16.hxg3 g4 17.Bd5+ Kh8 18.Ne4 Qe7 19.Qd2 Rf5 20.Qc3+ Re5 21.Rae1 Rb8 22.Re2 Qg7
23.Rfe1 Rbe8 24.Qd2 Ba8 25.Nec3 Rxe2 26.Rxe2 Ne5 27.Bxa8 Rxa8 28.Ne4 a4 29.Qc2 Qf7
30.Nxc5 bxc5 31.Re4 Qd7 32.Nc3 Qf5 33.Nd5 c6 34.Nc3 Rf8 35.Qe2 Qh5 36.Rf4 Rxf4
37.gxf4 Nf3+ 38.gxf3 gxf3 39.Qe6  1-0

[Event "ch-YUG w"]
[Site "Kotor YUG"]
[Date "2002.04.18"]
[Round "6"]
[White "Kostic,M"]
[Black "Maksimovic,S"]
[Result "0-1"]
[WhiteElo "2170"]
[BlackElo "2282"]

1.c4 b6 2.Nc3 Bb7 3.e4 e6 4.Nge2 g6 5.d4 Bg7 6.Be3 d6 7.Qd2 Nd7 8.Ng3 e5
9.d5 h5 10.Bd3 Bh6 11.O-O Bxe3 12.Qxe3 Ngf6 13.h3 h4 14.Nge2 Nh5 15.f4 exf4
16.Nxf4 Ne5 17.Nxh5 Rxh5 18.Rf2 Qg5 19.Qd4 Qg3 20.Rd1 Rg5 21.Kf1 O-O-O 22.Ne2 Qh2
23.Qe3 Qh1+ 24.Ng1 Rg3 25.Qe2 Kb8 26.c5 Rxd3 27.Rxd3 Ba6 28.Rff3 Nxf3 29.Qxf3 dxc5
30.Kf2 Bxd3 31.Qxd3 Qh2 32.Nf3 Qf4 33.Kg1 Qc1+ 34.Kh2 Qxb2 35.Nxh4 Qe5+ 36.Kh1 Re8
37.Nf3 Qxe4 38.Qb5 Rd8 39.Qc6 Qxd5 40.Qf6 Qd1+  0-1

[Event "Open"]
[Site "Pula CRO"]
[Date "2002.05.12"]
[Round "1"]
[White "Muehlbach,P"]
[Black "Filipovic,Br"]
[Result "0-1"]
[WhiteElo "2090"]
[BlackElo "2442"]

1.c4 b6 2.Nf3 Bb7 3.g3 e6 4.Bg2 f5 5.O-O Nf6 6.Nc3 g6 7.d3 Bg7 8.e4 fxe4
9.Ng5 O-O 10.Ngxe4 Nxe4 11.Nxe4 Nc6 12.Rb1 Rb8 13.Be3 Nd4 14.Qg4 Nf5 15.Bd2 Qe8
16.Bc3 Bxc3 17.bxc3 Qe7 18.Qg5 Qg7 19.Qd2 h6 20.f4 Kh7 21.Rfe1 Nd6 22.Nf2 Bxg2
23.Kxg2 Rf5 24.Ne4 Qf8 25.h4 Qc8 26.Qe3 Qa6 27.Re2 Rbf8 28.Qd4 Qb7 29.Kg1 Qc6
30.Nxd6 cxd6 31.Qe4 Qxe4 32.Rxe4 g5 33.hxg5 hxg5 34.Rd4 gxf4 35.Rxd6 R8f7
36.gxf4 Rxf4 37.Rb2 Kg7 38.Rh2 Kf8 39.Rg2 Ke7 40.c5 Rf1+ 41.Kh2 Rh7+ 42.Kg3 Rg7+
43.Kh2 Rxg2+ 44.Kxg2 Ra1 45.Rd4 Rxa2+ 46.Kf3 bxc5 47.Rc4 Ra5 48.Ke3 d5 49.Rh4 Ra2
50.Rh8 Rc2 51.Rh7+ Kd6 52.Rxa7 Rxc3 53.Kd2 Rb3 54.Kc2 Rb4 55.Rh7 Rg4 56.Rh8 c4  0-1

[Event "Masters"]
[Site "Grenoble FRA"]
[Date "2002.06.30"]
[Round "9"]
[White "Bardel,S"]
[Black "Bolding,K"]
[Result "0-1"]
[WhiteElo "2291"]
[BlackElo "2379"]

1.c4 b6 2.Nc3 e6 3.e4 Bb7 4.d4 Bb4 5.Bd3 f5 6.f3 Qh4+ 7.g3 Qh5 8.Qe2 Nc6
9.f4 Qf7 10.Nf3 fxe4 11.Bxe4 Nf6 12.Bxc6 dxc6 13.Ng5 Qe7 14.Nxe6 Kd7 15.f5 g6
16.g4 h5 17.Bg5 hxg4 18.O-O-O Bxc3 19.bxc3 gxf5 20.Rhe1 Qa3+ 21.Kb1 Ne4 22.Nc5+ bxc5
23.dxc5+ Kc8 24.Bf6 Qxc3 25.Qxe4 Qb4+ 26.Ka1 fxe4 27.Bxh8 Qxc4 28.Rf1 Ba6
29.Rc1 Qxf1  0-1

[Event "II Open"]
[Site "St Chely d'Aubrac FRA"]
[Date "2002.07.01"]
[Round "5"]
[White "Nanu,C"]
[Black "Boudre,JP"]
[Result "0-1"]
[WhiteElo "2440"]
[BlackElo "2398"]

1.c4 b6 2.Nc3 Bb7 3.e4 e6 4.d4 Bb4 5.Bd3 f5 6.Qh5+ g6 7.Qe2 Nf6 8.Bd2 Bxc3
9.Bxc3 Bxe4 10.d5 Bxg2 11.dxe6 Qe7 12.O-O-O Bxh1 13.f3 O-O 14.Nh3 Qxe6 15.Qf2 Nc6
16.Rxh1 Rae8 17.Qh4 Qe3+ 18.Kc2 Ne5 19.Rd1 Qxf3 20.Bf1 Neg4  0-1

[Event "Open"]
[Site "Oberwart AUT"]
[Date "2002.07.07"]
[Round "3"]
[White "Balinov,I"]
[Black "Hiermann,D"]
[Result "0-1"]
[WhiteElo "2448"]
[BlackElo "2249"]

1.c4 b6 2.e4 Bb7 3.Nc3 e6 4.Nf3 Bb4 5.Bd3 Nc6 6.O-O Nge7 7.Bb1 Ng6 8.d4 e5
9.d5 Nb8 10.Ne2 Be7 11.Ng3 d6 12.Nf5 Bf6 13.g3 Nd7 14.Bc2 a5 15.Rb1 O-O 16.a3 Ne7
17.Ne3 g6 18.b4 axb4 19.axb4 Bg7 20.Bd3 Bc8 21.Qc2 c5 22.b5 Nf6 23.Nh4 Ng4
24.Nhg2 Nxe3 25.Bxe3 f5 26.Ra1 Rxa1 27.Rxa1 f4 28.Bd2 g5 29.Ra7 Qe8 30.Qd1 Qf7
31.Be1 h5 32.Be2 g4 33.Nh4 Bf6 34.Nf5 Bxf5 35.exf5 Bg5 36.Bd3 Qf6 37.Qe2 Nxf5
38.h4 Bh6 39.Qe4 Qd8 40.Bd2 fxg3 41.Bxh6 gxf2+ 42.Kxf2 Nxh6+ 43.Ke2 Nf5 44.Kd1 Qxh4
45.Rd7 Qf2 46.Rxd6 Ne3+ 47.Kc1 Qe1+ 48.Kb2 Rf2+ 49.Kb3 Qb4+  0-1

[Event "Open"]
[Site "Oberwart AUT"]
[Date "2002.07.10"]
[Round "6"]
[White "Fucak,E"]
[Black "Sale,S"]
[Result "1/2-1/2"]
[WhiteElo "2317"]
[BlackElo "2403"]

1.c4 b6 2.Nc3 e6 3.d4 Bb4 4.Qc2 Bb7 5.a3 Bxc3+ 6.Qxc3 Nf6 7.Bg5 d6 8.f3 Nbd7
9.Nh3 h6 10.Bxf6 Qxf6 11.Rc1 O-O 12.e4 e5 13.d5 Qg6 14.g4 c6 15.dxc6 Bxc6
16.b4 h5 17.Rg1 hxg4 18.Rxg4 Qh6 19.Qd2 Qxd2+ 20.Kxd2 f5 21.Rg6 Nf6 22.Bd3 fxe4
23.Bxe4 Nxe4+ 24.fxe4 Bxe4 25.Rxd6 Rf6 26.Rxf6 gxf6 27.Ke3 Bf5 28.Nf2 Kf7
29.c5 Ke6 30.b5 Kd5 31.c6 a6 32.Nd3 axb5 33.c7 Bc8 34.Nb4+ Kd6 35.Rc6+ Kd7
36.Rxf6 Rxa3+ 37.Kf2 Kxc7 38.Nd5+ Kb8 39.Rxb6+ Bb7 40.Rxb5 Rh3 41.Kg1 e4
42.Nf6 Kc7 43.Rxb7+ Kxb7 44.Nxe4 Kc6 45.Kg2 Ra3 46.h4 Kd5 47.Ng3 Ke5 48.h5 Kf4
49.Ne2+ Kg5 50.h6 Kxh6 51.Kf2 Kg5 52.Nd4 Kg4 53.Ne2 Rd3 54.Nc1 Rd2+ 55.Ke3 Rd1
56.Nd3  1/2-1/2

[Event "ch-SCO"]
[Site "Stirling SCO"]
[Date "2002.07.10"]
[Round "5"]
[White "McNab,C"]
[Black "McKay,R"]
[Result "1/2-1/2"]
[WhiteElo "2404"]
[BlackElo "2375"]

1.c4 b6 2.Nc3 Bb7 3.e4 c5 4.g3 d6 5.Bg2 Nd7 6.d3 e6 7.f4 a6 8.Nf3 Ne7 9.Be3 g6
10.O-O Bg7 11.Bf2 Qc7 12.h3 Rb8 13.Rc1 e5 14.fxe5 Nxe5 15.b4 Nxf3+ 16.Qxf3 O-O
17.Nd5  1/2-1/2

[Event "24th Politiken Cup"]
[Site "Copenhagen DEN"]
[Date "2002.07.18"]
[Round "4"]
[White "Ward,C"]
[Black "Richards,H"]
[Result "1-0"]
[WhiteElo "2498"]
[BlackElo "2275"]

1.c4 b6 2.e4 Bb7 3.Nc3 e6 4.d4 Bb4 5.f3 f5 6.exf5 Nh6 7.fxe6 O-O 8.Bd3 dxe6
9.Ne2 Qh4+ 10.g3 Qh5 11.Nf4 Qxf3 12.Qxf3 Bxc3+ 13.bxc3 Bxf3 14.O-O Bg4 15.Ba3 Re8
16.Be4 c6 17.Rae1 g5 18.Nd3 Rc8 19.Bc1 Nf7 20.Rxf7 Kxf7 21.Ne5+ Kg7 22.Nxg4 h6
23.h4 h5 24.Ne5 gxh4 25.gxh4 a5 26.Kh2 Ra7 27.Rg1+  1-0

[Event "6th Open"]
[Site "Korinthos GRE"]
[Date "2002.07.27"]
[Round "5"]
[White "Grant,A"]
[Black "Khetsuriani,B"]
[Result "1/2-1/2"]
[WhiteElo "2195"]
[BlackElo "2415"]

1.c4 b6 2.Nc3 Bb7 3.e4 e6 4.g3 Bb4 5.Nge2 f5 6.Bg2 Nf6 7.O-O Bxc3 8.Nxc3 Nxe4
9.Nxe4 Bxe4 10.Bxe4 fxe4 11.Qh5+ g6 12.Qe5 O-O 13.Qxe4 Nc6 14.d4 Qf6 15.Be3 Qf5
16.Qxf5 Rxf5 17.Rfd1 d6 18.Rd2 h5 19.h4 e5 20.d5 Ne7 21.Kg2 Rf7 22.Rc1 a5
23.Rc3 Nf5 24.Re2 Raf8 25.a4 Kh7 26.f3 Ng7 27.Bg5 Nf5 28.Be3 Re8 29.Bf2 Rfe7
30.Re4 Nh6 31.Be3 Nf5 32.Rd3 Rf8 33.Bf2 Rg7 34.g4 hxg4 35.fxg4 Nh6 36.Rf3 Rxf3
37.Kxf3 Rf7+ 38.Kg3 Ng8 39.Be1 Rf1 40.Kg2 Rf8 41.Kg3 Kg7 42.Bd2 Nf6 43.Re1 Nd7
44.Be3 Rb8 45.b3 Rh8 46.Re2 Rc8 47.Rf2 Nf6 48.Bh6+ Kxh6 49.Rxf6 Kg7 50.g5 Re8
51.Kf3 Re7 52.Ke4 Re8 53.Kf3  1/2-1/2

[Event "2nd Summer Open"]
[Site "Savaria HUN"]
[Date "2002.07.30"]
[Round "7"]
[White "Kovacs,Ga2"]
[Black "Biro,D"]
[Result "1-0"]
[WhiteElo "2385"]
[BlackElo "2198"]

1.c4 b6 2.Nc3 Bb7 3.e4 g6 4.Nf3 Bg7 5.d4 d6 6.Bd3 Nd7 7.O-O e5 8.d5 Ne7 9.Be3 O-O
10.b4 c5 11.dxc6 Nxc6 12.Nd5 Nd4 13.Rc1 a5 14.a3 axb4 15.axb4 Ra3 16.Bxd4 exd4
17.Ra1 Rxa1 18.Qxa1 g5 19.Nxd4 Bxd5 20.cxd5 Qf6 21.Nc2 Ne5 22.Qd1 Ng6 23.Qd2 Rc8
24.Ne3 Nh4 25.Rc1 Rxc1+ 26.Qxc1 Qd4 27.Qc8+ Bf8 28.Qc4 Qa1+ 29.Bf1 Qb1 30.b5 h5
31.Qd4 Ng6 32.Qxb6 Qxe4 33.Qd8  1-0

[Event "5th Open"]
[Site "Vins du Medoc FRA"]
[Date "2002.07.30"]
[Round "1"]
[White "Foisor,O"]
[Black "Laurain,D"]
[Result "1-0"]
[WhiteElo "2431"]
[BlackElo "2118"]

1.c4 b6 2.d4 e6 3.a3 Bb7 4.Nc3 Nf6 5.d5 Bd6 6.Nf3 a5 7.e4 e5 8.Bd3 Na6 9.Bg5 h6
10.Bh4 Qe7 11.Nd2 Bc5 12.Nb3 d6 13.Bc2 Bc8 14.Nxc5 bxc5 15.Ba4+ Bd7 16.Bxd7+ Qxd7
17.Bxf6 gxf6 18.Qf3 Ke7 19.Nd1 Rab8 20.Ne3 Rxb2 21.Nf5+ Kd8 22.Qc3 Rb6 23.Qxa5 Qc8
24.O-O Qb7 25.Qc3 Rb3 26.Qc1 h5 27.Rb1 Kd7 28.h4 Ra8 29.Qc2 Rb8 30.Ra1 Qc8
31.Ne3 R8b6 32.Rfb1 Qb8 33.Rxb3 Rxb3 34.Qd1 Ke8 35.Qxh5 Rb1+ 36.Rxb1 Qxb1+
37.Kh2 Qxe4 38.Qf5 Qxf5 39.Nxf5 Nb8 40.Kg3 Nd7 41.Kg4 Kd8 42.Ne3 Ke7 43.a4  1-0

[Event "Stork Young Masters"]
[Site "Hengelo NED"]
[Date "2002.08.05"]
[Round "1"]
[White "Nyback,T"]
[Black "Bokros,A"]
[Result "1/2-1/2"]
[WhiteElo "2459"]
[BlackElo "2435"]

1.c4 b6 2.Nc3 Bb7 3.d4 e6 4.e4 Bb4 5.Bd3 f5 6.Qe2 Nf6 7.f3 Nc6 8.Be3 fxe4
9.fxe4 e5 10.d5 Nd4 11.Bxd4 exd4 12.a3 Ba5 13.b4 dxc3 14.bxa5 O-O 15.Nf3 Qe7
16.O-O Qc5+ 17.Kh1 d6  1/2-1/2

[Event "FSIMB August"]
[Site "Budapest HUN"]
[Date "2002.08.09"]
[Round "7"]
[White "Metaxasz,V"]
[Black "Reiss,T"]
[Result "0-1"]
[WhiteElo "2181"]
[BlackElo "2347"]

1.c4 b6 2.e4 c5 3.g3 Bb7 4.Bg2 Nf6 5.Nc3 e6 6.Nh3 a6 7.d3 d6 8.O-O Nc6 9.Nf4 Be7
10.a3 O-O 11.Rb1 Qc7 12.h3 Nd4 13.b4 e5 14.Nfe2 Nxe2+ 15.Qxe2 cxb4 16.axb4 b5
17.Rd1 Rfc8 18.Bf1 Qc6 19.Nd5 Nxd5 20.exd5 Qd7 21.Be3 a5 22.bxa5 bxc4 23.dxc4 Rxa5
24.c5 dxc5 25.d6 Bf6 26.Qb2 Ba8 27.Bc4 Be4 28.Kh2 Bxb1 29.Qxb1 g6 30.Qb2 Kg7
31.Qc3 Raa8 32.Rd5 Rab8 33.Bxc5 Rxc5 34.Rxc5 Qxd6 35.Rb5 Rxb5 36.Bxb5 e4
37.Qe1 Qd5 38.Ba4 Bd4 39.Bc2 f5 40.Qe2 Qc5 41.Kg2 Qc3 42.g4 Kf6 43.gxf5 gxf5
44.Bd1 Qc6 45.Kg1 Qd6 46.Bc2 Qg3+ 47.Kf1 Qxh3+ 48.Ke1 Bc3+  0-1

[Event "ch-AUT"]
[Site "Oberpullendorf AUT"]
[Date "2002.08.11"]
[Round "2"]
[White "Knoflicek,C"]
[Black "Hiermann,D"]
[Result "1/2-1/2"]
[WhiteElo "2162"]
[BlackElo "2249"]

1.c4 b6 2.Nf3 Bb7 3.e3 e6 4.Be2 f5 5.b3 Nf6 6.Bb2 Bd6 7.O-O O-O 8.d4 Qe8
9.Ne5 Be7 10.Nc3 d6 11.Nd3 Nbd7 12.Nf4 Bd8 13.Bf3 Ne4 14.Bxe4 fxe4 15.d5 exd5
16.cxd5  1/2-1/2

[Event "11th Open"]
[Site "Apolda GER"]
[Date "2002.08.23"]
[Round "3"]
[White "Schmidt Brauns,J"]
[Black "Kalinitschew,S"]
[Result "0-1"]
[WhiteElo "2164"]
[BlackElo "2487"]

1.c4 b6 2.Nc3 e6 3.e4 Bb7 4.Nf3 Bb4 5.Qb3 c5 6.a3 Ba5 7.Na2 Bxe4 8.Qe3 Bxf3
9.Qxf3 Nc6 10.Rb1 b5 11.b4 Bb6 12.Bb2 Nf6 13.bxc5 Bxc5 14.cxb5 Nd4 15.Qd3 Nf5
16.Be2 O-O 17.O-O Rc8 18.Rbc1 Nd5 19.Rc4 Nb6 20.Rg4 f6 21.Nc3 d5 22.Na4 Bd6
23.Nxb6 axb6 24.Qh3 Be5 25.Bc3 Bxc3 26.dxc3 Qd6 27.c4 Ra8 28.cxd5 Rxa3 29.Bf3 e5
30.Qh5 Nd4 31.Rh4 h6 32.Qg6 Rxf3 33.Rg4 Rf7 34.gxf3 Nxf3+ 35.Kg2 Qxd5 36.Kh3 f5
37.Ra4 Ng5+ 38.Kh4 Qg2 39.Ra8+ Qxa8  0-1

[Event "FSIMB Sept"]
[Site "Budapest HUN"]
[Date "2002.09.14"]
[Round "8"]
[White "Metaxasz,V"]
[Black "Brustkern,J"]
[Result "0-1"]
[WhiteElo "2181"]
[BlackElo "2293"]

1.c4 b6 2.Nc3 c5 3.e4 g6 4.g3 Bg7 5.Bg2 Nc6 6.Nge2 e6 7.O-O Nge7 8.d3 O-O
9.Be3 Bb7 10.f4 d6 11.Rb1 Qd7 12.a3 Nd4 13.b4 Rfd8 14.Qd2 f5 15.h3 Rac8 16.Bxd4 cxd4
17.Nd1 fxe4 18.dxe4 Rxc4 19.Nb2 Rc3 20.g4 Ba6 21.Nxd4 Rxa3 22.Rfd1 Nc6 23.Nxc6 Qxc6
24.e5 d5 25.f5 Bxe5 26.Qg5 Qd6 27.fxe6 Rg3 28.Kh1 Rxg2 29.Kxg2 Bb7 30.Nd3 Bh2
31.Qxd8+ Qxd8 32.Kxh2 Qd6+  0-1

[Event "7th WUCC Men"]
[Site "Ulaanbaatar MON"]
[Date "2002.09.14"]
[Round "4"]
[White "Chi Fengtong"]
[Black "Kalajzic,I"]
[Result "1/2-1/2"]
[WhiteElo "2308"]
[BlackElo "2195"]

1.c4 b6 2.Nc3 Bb7 3.e4 e6 4.Nf3 Bb4 5.d3 c5 6.Be2 d6 7.O-O Bxc3 8.bxc3 Nf6
9.Bg5 h6 10.Bh4 Nbd7 11.a4 Qc7 12.a5 O-O 13.Nd2 e5 14.f3 Nh5 15.Bf2 Nf4 16.Be3 g5
17.g3 Ng6 18.f4 exf4 19.gxf4 gxf4 20.Bxf4 Nxf4 21.Rxf4 Ne5 22.Nf3 f5 23.Nxe5 dxe5
24.Rf3 Kh7 25.Rg3 Rg8 26.axb6 Rxg3+ 27.hxg3 Qg7 28.Qe1 fxe4 29.Rxa7 Rxa7
30.bxa7 Ba8 31.dxe4 Qxa7 32.Bg4 Bc6 33.Bf5+ Kg7 34.Qd1 Qe7 35.Kh2 Be8 36.Qd5 Bf7
37.Qc6 Be8 38.Qb6 Bf7 39.Kg2 Be8 40.Kf2 Bf7 41.Ke1 Qg5 42.Qxc5 Qc1+ 43.Kf2 Qxc3
44.Kg2 Qb2+ 45.Kh3 Qa1 46.Kg2 Qa2+ 47.Kg1 Qa1+ 48.Kf2 Qb2+ 49.Kf3 Qb3+ 50.Kg2  1/2-1/2

[Event "TCh-FIN 2002-3"]
[Site "Finland FIN"]
[Date "2002.09.21"]
[Round "1"]
[White "Kiik,K"]
[Black "Lehtivaara,P"]
[Result "1/2-1/2"]
[WhiteElo "2450"]
[BlackElo "2329"]

1.c4 b6 2.Nf3 Bb7 3.g3 Bxf3 4.exf3 c5 5.d4 cxd4 6.Qxd4 Nc6 7.Qd1 e6 8.Nc3 Bb4
9.Bd2 Nf6 10.a3 Be7 11.Rc1 O-O 12.Be2 Rc8 13.O-O Nd4 14.Bd3 Nc6 15.Re1 Na5
16.Nb5 a6 17.Nd4 d5 18.cxd5 Qxd5 19.Bc3 Nc4 20.Nf5 exf5 21.Rxe7 Rfd8 22.Bc2 Qa8
23.Qe2 Nd5 24.Bxf5 Nxe7 25.Qxe7 Re8 26.Qh4 h6 27.Bxc8 Rxc8 28.Qd4 f6 29.Kg2 b5
30.Rd1 Re8 31.Qg4 Kh8 32.Rd7 Rg8 33.Qf5 Qf8 34.f4 Nd6 35.Qe6 Nc4 36.h4 Qe8
37.Qxe8 Rxe8 38.Kf3 h5 39.Ra7 Re6 40.f5 Rc6 41.Bd4 Nd6 42.Bc3 Kg8 43.Ke3 Nxf5+
44.Ke4 g6 45.Kd5 Rd6+ 46.Kc5 Re6 47.Rd7 Kf8 48.Kd5 Re2 49.Ra7 Ne7+ 50.Kc5 Re6
51.Rc7 Ke8 52.Rb7 Rc6+ 53.Kb4 Nd5+ 54.Kb3 Nxc3 55.bxc3 Kf8 56.Rd7 Kg8 57.Kc2 Rc4
58.Re7 Ra4 59.Kb3 g5 60.hxg5 fxg5 61.Re5 Rg4 62.Re6 Kh7 63.Rxa6 h4 64.gxh4 gxh4
65.Re6 h3 66.Re1 h2 67.Rh1 Rh4  1/2-1/2

[Event "11th Monarch Assurance"]
[Site "Port Erin IOM"]
[Date "2002.10.05"]
[Round "8"]
[White "Ellison,D"]
[Black "Blackburn,J"]
[Result "0-1"]
[WhiteElo "2116"]
[BlackElo "2158"]

1.c4 b6 2.e4 Bb7 3.Nc3 e6 4.d4 Bb4 5.Qg4 Nf6 6.Qxg7 Rg8 7.Qh6 Rg6 8.Qh3 Nxe4
9.Ne2 Nc6 10.Be3 Qf6 11.Rd1 O-O-O 12.a3 Bxc3+ 13.Nxc3 Nxc3 14.bxc3 Na5 15.f3 Ba6
16.Bd3 Rg7 17.Bf2 Rdg8 18.Bg3 Bxc4 19.O-O Bxd3 20.Rxd3 Nc4 21.Qh5 Qg6 22.Qxg6 Rxg6
23.Rf2 c6 24.Bf4 a5 25.Bc1 f5 26.Rd1 d6 27.Ra2 a4 28.Re1 Kd7 29.Bf4 Ra8 30.Kf2 Ra5
31.Rb1 Rd5 32.g3 b5 33.Ke2 e5 34.dxe5 dxe5 35.Be3 Rgd6 36.Rc1 Rd3 37.Bd4 e4
38.fxe4 fxe4 39.Rf1 Rh6 40.Rf2 Rh5 41.Ra1 c5 42.Bg7 Rd2+ 43.Ke1 Rxh2 44.Rxh2 Rxh2
45.Rd1+ Ke6 46.Rd8 Nxa3 47.Bf8 Nc2+ 48.Kd1 a3 49.Ra8 a2  0-1

[Event "FSIMB Oct"]
[Site "Budapest HUN"]
[Date "2002.10.06"]
[Round "2"]
[White "Compagnie,L"]
[Black "Resika,N"]
[Result "1/2-1/2"]
[WhiteElo "2212"]
[BlackElo "2228"]

1.c4 b6 2.Nc3 e6 3.e4 Bb7 4.Nge2 g6 5.g3 Bg7 6.Bg2 Ne7 7.O-O O-O 8.d4 d6
9.Be3 Nd7 10.Qd2 e5 11.Bh6 Bxh6 12.Qxh6 exd4 13.Nxd4 Ne5 14.b3 N7c6 15.Nc2 Na5
16.Qd2 Rb8 17.Ne3 a6 18.Rad1 b5 19.f4 Nec6 20.Ncd5 Ba8 21.e5 dxe5 22.fxe5 Qg5
23.Nf6+ Kh8 24.Nd7 Rbd8 25.e6 f6 26.cxb5 axb5 27.Nd5 Qxd2 28.Rxd2 Rfe8 29.Nxc7 Re7
30.Nxa8 Rxa8 31.b4 Nc4 32.Bxc6 Nxd2 33.Bxa8 Nxf1 34.Kxf1 Rxe6 35.Nc5 Re3
36.Bc6 Ra3 37.Bxb5 Rxa2 38.Bc6 Rxh2 39.Nd7 Rc2 40.b5 Kg7 41.Ke1 Kf7 42.Kd1 Rb2
43.Kc1 Rb4 44.b6 Ke8 45.b7 Rxb7 46.Bxb7 Kxd7 47.Bd5 Kd6 48.Bg8 Ke5 49.Kd2 h5
50.Bf7 Kf5 51.Ke3 Kg5 52.Kf3 f5 53.Be8 Kf6 54.Ke3  1/2-1/2

[Event "3rd Autumn Open"]
[Site "Bad Wildbad GER"]
[Date "2002.10.08"]
[Round "5"]
[White "Zilch,L"]
[Black "Schork,S"]
[Result "0-1"]
[WhiteElo "2045"]
[BlackElo "2170"]

1.c4 b6 2.d4 Bb7 3.Nf3 e6 4.Nc3 Bb4 5.g3 c5 6.e3 Nf6 7.Be2 cxd4 8.exd4 O-O
9.O-O d5 10.a3 Bxc3 11.bxc3 Nc6 12.a4 Ne4 13.Bb2 dxc4 14.Bxc4 Na5 15.Be2 Qd5
16.Qd3 Rac8 17.Rac1 Nc4 18.Ba1 Ng5 19.Kg2 Ne5 20.c4 Nxd3  0-1

[Event "FSIMA Oct"]
[Site "Budapest HUN"]
[Date "2002.10.10"]
[Round "6"]
[White "Compagnie,L"]
[Black "Orso,M"]
[Result "0-1"]
[WhiteElo "2212"]
[BlackElo "2352"]

1.c4 b6 2.Nc3 Bb7 3.e4 e6 4.Nge2 c5 5.g3 h5 6.h3 Nc6 7.Bg2 Nd4 8.d3 g5 9.Nxd4 cxd4
10.Ne2 e5 11.Ng1 Qe7 12.Nf3 f6 13.Bd2 Qe6 14.Ng1 Ne7 15.Qe2 h4 16.Nf3 hxg3
17.fxg3 Nc6 18.a3 Be7 19.O-O-O a6 20.h4 g4 21.Nh2 Rg8 22.Qf2 b5 23.Qf5 bxc4
24.Qxe6 dxe6 25.dxc4 Rc8 26.Kc2 Nd8 27.Kd3 Nf7 28.Rc1 f5 29.Rhg1 Nd6 30.exf5 Bxg2
31.Rxg2 exf5 32.Bb4 Kd7 33.Bxd6 Kxd6 34.b4 Bf6 35.Nf1 e4+ 36.Ke2 Ke5 37.Nd2 Rgd8
38.Nb3 Bg7  0-1

[Event "Olympiad"]
[Site "Bled SLO"]
[Date "2002.10.31"]
[Round "6"]
[White "Ramsingh,Y"]
[Black "Ali,A IRQ"]
[Result "0-1"]
[WhiteElo "2200"]
[BlackElo "2246"]

1.c4 b6 2.Nc3 Bb7 3.d4 e6 4.e4 Bb4 5.Qc2 Qh4 6.Bd3 f5 7.g3 Qh5 8.Be2 Qf7
9.Bf3 Nc6 10.Be3 e5 11.d5 Nd4 12.Qd3 Nf6 13.Bg2 fxe4 14.Bxe4 Nxe4 15.Qxe4 O-O
16.O-O-O Rae8 17.Nge2 c5 18.g4 Ba6 19.b3 Ba3+ 20.Kb1 d6 21.Qd3 e4 22.Qd2 Nf3
23.Qc2 Qg6 24.Nf4 Rxf4 25.Bxf4 Nd4 26.Rxd4 cxd4 27.Nd1 Qxg4 28.Bg3 b5 29.Qd2 e3
30.Qe1 Qe4+ 31.Ka1 Qc2  0-1